[Event "St Petersburg White Nights op"]
[Site "St Petersburg"]
[Date "2010.06.22"]
[Round "7"]
[White "Sinajskij, Anatolij"]
[Black "Balashov, Alexander"]
[Result "1-0"]
[WhiteElo "2087"]
[BlackElo "1843"]
[PlyCount "45"]
[EventDate "2010.06.16"]
[EventType "swiss"]
[EventRounds "9"]
[EventCountry "RUS"]
[SourceTitle "EXT 2011"]
[Source "ChessBase"]
[SourceDate "2010.11.26"]
[SourceVersion "1"]
[SourceVersionDate "2010.11.26"]
[SourceQuality "1"]

1. Nf3 g6 2. c4 Bg7 3. Nc3 d6 4. d4 Nf6 5. e4 0-0 6. Be2 Nc6 7. d5 Nb8 8. h3 e5 9. Bg5 Qd7 10. Qd2 Ne8 11. g4 f6 12. Be3 Qe7 13. 0-0-0 a6 14. Kb1 Bd7 15. Rc1 c5 16. dxc6 Bxc6 17. Nd5 Bxd5 18. Qxd5+ Qf7 19. Qd2 Nd7 20. c5 Qe7 21. cxd6 Qxd6 22. Qxd6 Nxd6 23. Rhd1 1-0

[Event "St Petersburg White Nights op"]
[Site "St Petersburg"]
[Date "2010.06.21"]
[Round "6"]
[White "Azimova, Karina"]
[Black "Balashov, Alexander"]
[Result "1-0"]
[WhiteElo "1960"]
[BlackElo "1843"]
[PlyCount "91"]
[EventDate "2010.06.16"]
[EventType "swiss"]
[EventRounds "9"]
[EventCountry "RUS"]
[SourceTitle "EXT 2011"]
[Source "ChessBase"]
[SourceDate "2010.11.26"]
[SourceVersion "1"]
[SourceVersionDate "2010.11.26"]
[SourceQuality "1"]

1. e4 d6 2. d4 Nf6 3. Nc3 g6 4. Bf4 Bg7 5. Qd2 0-0 6. 0-0-0 b6 7. h4 c5 8. d5 a6 9. h5 b5 10. hxg6 fxg6 11. Bh6 Rf7 12. Bxg7 Rxg7 13. f3 b4 14. Nce2 a5 15. Nf4 b3 16. cxb3 a4 17. Bc4 axb3 18. Bxb3 Kh8 19. Ngh3 Na6 20. Ng5 Nc7 21. Rh6 Qe8 22. Rdh1 Rb8 23. e5 dxe5 24. d6 Rxb3 25. axb3 exd6 26. Nxg6+ Rxg6 27. Rxh7+ Nxh7 28. Rxh7+ Kg8 29. Rxc7 Be6 30. Nxe6 Qxe6 31. Qa5 Rg7 32. Qa8+ Kh7 33. Qe4+ Qg6 34. Qxg6+ Kxg6 35. Rxg7+ Kxg7 36. Kd2 Kf6 37. Kd3 d5 38. g3 Kf5 39. Ke3 Kf6 40. Kd3 Kf5 41. Kc3 e4 42. fxe4+ Kxe4 43. Kd2 Kf3 44. Kd3 Kxg3 45. b4 cxb4 46. Kd4 1-0

[Event "St Petersburg White Nights op"]
[Site "St Petersburg"]
[Date "2010.06.20"]
[Round "5"]
[White "Balashov, Alexander"]
[Black "Babakhin, Anton"]
[Result "1-0"]
[WhiteElo "1843"]
[BlackElo "1963"]
[PlyCount "83"]
[EventDate "2010.06.16"]
[EventType "swiss"]
[EventRounds "9"]
[EventCountry "RUS"]
[SourceTitle "EXT 2011"]
[Source "ChessBase"]
[SourceDate "2010.11.26"]
[SourceVersion "1"]
[SourceVersionDate "2010.11.26"]
[SourceQuality "1"]

1. f4 d5 2. Nf3 Nf6 3. e3 e6 4. b3 c5 5. Bb2 Nc6 6. Bb5 Bd7 7. 0-0 Be7 8. d3 Qb6 9. Bxc6 Bxc6 10. Nbd2 0-0 11. Qe1 Rad8 12. Ne5 d4 13. e4 Nd7 14. Nxd7 Bxd7 15. Qg3 f5 16. e5 Qc6 17. Qh3 Qd5 18. Qf3 Bc6 19. Qxd5 Bxd5 20. a4 b6 21. Ra2 Rb8 22. Kf2 Kf7 23. g3 g5 24. Ke2 gxf4 25. Rxf4 Bg5 26. Rf1 Bh6 27. Nf3 Bg7 28. Re1 Bh6 29. Raa1 a6 30. Bc1 Bxc1 31. Rexc1 Ra8 32. Nd2 b5 33. Rf1 Kg6 34. Rf4 Rfd8 35. a5 Bg2 36. Kf2 Bh3 37. Rh4 Bg4 38. h3 Bh5 39. g4 Rd5 40. Nf3 Rc8 41. Rg1 h6 42. gxf5+ 1-0

[Event "St Petersburg White Nights op"]
[Site "St Petersburg"]
[Date "2010.06.18"]
[Round "3"]
[White "Balashov, Alexander"]
[Black "Klevets, Ksenia"]
[Result "1-0"]
[WhiteElo "1843"]
[BlackElo "1761"]
[PlyCount "81"]
[EventDate "2010.06.16"]
[EventType "swiss"]
[EventRounds "9"]
[EventCountry "RUS"]
[SourceTitle "EXT 2011"]
[Source "ChessBase"]
[SourceDate "2010.11.26"]
[SourceVersion "1"]
[SourceVersionDate "2010.11.26"]
[SourceQuality "1"]

1. f4 d5 2. Nf3 c6 3. e3 Bg4 4. d4 Nd7 5. Bd3 e6 6. 0-0 Bd6 7. h3 Bxf3 8. Qxf3 Ne7 9. Nd2 f5 10. c4 0-0 11. g4 g6 12. g5 b6 13. b3 Rf7 14. Bb2 Nc8 15. Rac1 Bf8 16. cxd5 cxd5 17. Rc2 Bd6 18. Rfc1 Nf8 19. Nb1 Rc7 20. Ba3 Bxa3 21. Nxa3 Rxc2 22. Rxc2 Nd6 23. Ba6 Rb8 24. Qe2 Qd7 25. Nb5 Nxb5 26. Bxb5 Qd8 27. Ba6 Qd6 28. h4 Rd8 29. Qb5 Qd7 30. Qb4 Kf7 31. a4 Qe7 32. Qc3 Nd7 33. Qc7 Nb8 34. Bb5 a6 35. Bd3 Qxc7 36. Rxc7+ Rd7 37. Rxd7+ Nxd7 38. Bxa6 Ke7 39. Kf2 Kd6 40. Bb5 Nb8 41. Ke2 1-0